| 000 | 00932cam a22003017a 4500 | ||
|---|---|---|---|
| 003 | CHAP | ||
| 005 | 20220329134522.0 | ||
| 008 | 971013s1981 r 00010 d | ||
| 010 | _a21520 | ||
| 011 | _a22492 | ||
| 035 | _a26587 | ||
| 040 | _cCHAP | ||
| 082 |
_a635 _bB68Y |
||
| 100 | 0 | 0 |
_aBosso, B. _914433 |
| 245 | 1 | 3 | _aEl experto horticultor |
| 260 |
_aMéxico, D. F. : _bAGT, _c1981 |
||
| 300 |
_a172 p. _b: ilus. |
||
| 590 |
_aBATCH-UPD _b10 _c20130110 _lUCH01 _h1751 |
||
| 590 |
_aCONVERSION _b10 _c20130109 _lUCH01 _h1313 |
||
| 650 | 1 | 4 |
_aHorticultura. _956291 |
| 700 | 0 |
_aSerafini, C. _9104528 |
|
| 901 | _aBK | ||
| 942 | _cLIBRO | ||
| 949 |
_a635 B68Y _bBC _cLIBRO _d-61243 _eLIBRO _h57266 _i26587 _si _t185.00 |
||
| 949 |
_a635 B68Y _bBC _cLIBRO _d-61244 _eLIBRO _fc.2 _h57266 _i26587 _si _t185.00 |
||
| 949 |
_a635 B68Y _bF _cLIBRO _d-26104 _eLIBRO _h2565 _i26587 _si |
||
| 949 |
_a635 B68Y _bF _cLIBRO _d-88676 _eLIBRO _fc.2 _h2567 _i26587 _si |
||
| 999 |
_c21520 _d21520 |
||